000 02836nab a2200301 i 4500
003 BR-BrBNA
005 20240607143349.0
008 240607b2016 bl.mr|pooa||| 00| 0 por |
040 _aBR-BrBNA
_bpor
072 _aF01
_b1623
100 _aBrum, Betania
100 _aBrandelero, Fernanda Daniela
100 _aVargas, Thiago de Oliveira
100 _aStorck, Lindolfo
100 _aZanini, Pedro Paulo Gonçalves
245 _aTamanho ótimo de parcela para avaliação da massa e diâmetro de cabeças de brócolis
500 _aPublicação on-line; 19 ref.; 3 tables; Sumaries (Pt, En)
520 _a RESUMO - O objetivo deste trabalho foi determinar o tamanho ótimo de parcela (Xo), por amostragem na área total e nas frações de áreas, a fim de avaliar a massa e o diâmetro de cabeças de brócolis. Em campo, foram demarcadas 27 filas do híbrido BRO 68®. Cada planta foi considerada como sendo uma unidade experimental básica (UEB). Para fins de análise, cada fila foi considerada como sendo um ensaio em branco com 100 UEB. Para os resultados das 27 filas, obtiveram-se os valores: mínimo, máximo, média, desvio padrão, CV, intervalo de confiança, o tamanho de amostra (número de filas) para estimar o Xo e para estimar a média. O tamanho ótimo de parcela para avaliar a massa e diâmetro de cabeças de brócolis é igual a cinco unidades experimentais básicas (plantas). Palavras-chave: Brassica oleracea var. italica, variação espacial, amostragem, planejamento experimental.
520 _a ABSTRACT - The objective of this study was to determine the optimum plot size by sampling the total area and the fractions’ areas in order to evaluate the mass and diameter of broccoli heads. In the field, 27 rows of hybrid BRO 68® were demarcated. Each plant was considered as an experimental basic unit (UEB). For analysis purposes, each row was regarded as being one blank test on 100 UEB. For the results of 27 rows yielded values: minimum, maximum, average, standard deviation, CV, confidence interval, the sample size (number of rows) to estimate Xo and to estimate the mean. The optimum plot size to evaluate the mass and diameter of broccoli heads equals five basic experimental units (plants). Key words: Brassica oleracea var. italica, spatial variation, sampling, experimental design.
650 _aBROCOLO
650 _aPARCELA EXPERIMENTAL
650 _aAMOSTRAGEM
650 _aPRODUTIVIDADE
773 0 _02408
_9314925
_dSanta Maria-RS Universidade Federal de Santa Maria - Centro de Ciências Rurais 1991
_o2024-1176
_tCiência Rural (Brazil)
_x0103-8478
_gv. 46(3) p. 447-463; (2016)
_wBR2024000998
856 _uhttps://www.scielo.br/j/cr/a/pxDpdQksnbBfLwjSkdhH56H/?format=pdf&lang=pt
942 _cAnalítica
999 _c299964
_d299964